ბათუმის შოთა რუსთაველის სახელმწიფო უნივერსიტეტის ბიბლიოთეკა

ქართული პუბლიცისტიკა(19 საუკუნე) : (ბიბ.ჩანაწერი № 46201)

000 -ლიდერი
ფიქსირებული სიგრძის საკონტროლო ველი 00975nam a2200217Ia 4500
001 - საკონტროლო ნომერი
საკონტროლო ველი 13034
003 - საკონტროლო ნომრის იდენტიფიკატორი
საკონტროლო ველი GE_BSU
005 - ბოლო ოპერაციის თარიღი და დრო
საკონტროლო ველი 20240715160412.0
008 - ფიქსირებული სიგრძის მონაცემთა ელემენტები - ზოგადი ინფორმაცია
ფიქსირებული სიგრძის საკონტროლო ველი 181216s2007||||ge |||||||||||||| ||geo||
020 ## - წიგნის საერთაშორისო სტანდარტული ნომერი
International Standard Book Number 9789941130144
040 ## - კატალოგიზაციის წყარო
Transcribing agency GE_BSU
041 ## - ენის კოდი
Language code of text/sound track or separate title geo
080 ## - უნივერსალური ათობითი კლასიფიკაციის ინდექსი
Universal Decimal Classification number 821.353.1-92(082) ქ-27
245 ## - ცნობა სათაურის შესახებ
Title ქართული პუბლიცისტიკა(19 საუკუნე) :
Remainder of title ქრესტომათია (XIX საუკუნე) /
Statement of responsibility, etc თსუ ; [შემდგ. და რედ. დალი ჩიკვილაძე].
264 ## - წარმოების, გამოცემის, დისტრიბუციის და სხვა ცნობები
გამოცემის, წარმოების, დისტრიბუციის... ადგილი თბილისი :
გამოცემის, წარმოების, დისტრიბუციის... სახელწოდება თბილისის უნ-ტის გამ-ბა,
გამოცემის, წარმოების, დისტრიბუციის... თარიღი 2007.
300 ## - ფიზიკური აღწერა
Extent 395 გვ. ;
Dimensions 25 სმ.
653 ## - INDEX TERM--UNCONTROLLED
Uncontrolled term ქართული პუბლიცისტიკა
653 ## - INDEX TERM--UNCONTROLLED
Uncontrolled term ქრესტომათიები
700 ## - ADDED ENTRY--PERSONAL NAME
Personal name ჩიკვილაძე, დალი
Relator term შემდგენელ-რედაქტორი
9 (RLIN) 6140
942 ## - ADDED ENTRY ELEMENTS (KOHA)
Koha item type წიგნი
Source of classification or shelving scheme
ეგზემპლარები
ჩამოწერის სტატუსი დაკარგული ეგზემპლარის სტატუსი კლასიფიკაციის წყარო ან თაროზე გაწყობის სქემა დაზიანების სტატუსი არ გაიცემა მუდმივი მდებარეობა (დაცვის ადგილი) ამჟამინდელი ადგილსამყოფელი თაროზე განთავსების ადგილი შეძენის თარიღი სრული შენახვის შიფრი შტრიხკოდი ბოლო ოპერაციის თარიღი ეგზემპლარის მიმდევრობითი ნომერი (კეტერი?) ფასის ძალაში შესვლის თარიღი ეგზემპლარის სახეობა
          ბათუმის შოთა რუსთაველის სახელმწიფო უნივერსიტეტის მთავარი ბიბლიოთეკა ბათუმის შოთა რუსთაველის სახელმწიფო უნივერსიტეტის მთავარი ბიბლიოთეკა წიგნსაცავი 2018-12-17 821.353.1-92(082) 27141 2018-12-17 27141 2018-12-17 წიგნი